000 00621nam a2200229Ia 4500
008 181129s9999 xx 000 0 und d
020 _a9780590218160
050 _bA957 2004
100 _aAvi
245 0 _aWhat do fish have to dowith anything and other stories? /
245 0 _cby Avi ; illustrated by Tracy Mitchell.
260 _aNew York, NY :
260 _bScholastic,
260 _c2004
300 _a196 pages :
300 _billustrations ;
300 _c19cm.
650 _aChildren's stories, American.
650 _aShort stories, American.
700 _aMitchell, Tracy.
700 _aTitle.
999 _c360290
_d360290